Hlavní rozdíly v přístupu k marketingové komunikaci mezi českými veřejnými a soukromými vysokými školami

Zatiaľ čo verejné vysoké školy v ČR požívajú výhody, ktoré im zaručuje ich história, súkromné vysoké školy si renomé iba budujú. Aj napriek plateniu školného, obmedzený výber študijných odborov a stupňov vysokoškolského štúdia majú úspech. Momentálne v Čechách existuje okolo 50 súkromných vysokých š...

Descrizione completa

Salvato in:
Dettagli Bibliografici
Autore principale: Kubová, Petra
Natura: Capitolo di libro
Lingua:ceco
Soggetti:
Tags: Aggiungi Tag
Nessun Tag, puoi essere il primo ad aggiungerne!!

MARC

LEADER 00000nla$a2200000$$$4500
001 0076362
005 20220801085035.2
041 0 |a cze 
044 |a CZ 
245 1 0 |a Hlavní rozdíly v přístupu k marketingové komunikaci mezi českými veřejnými a soukromými vysokými školami  |c Petra Kubová 
520 |a Zatiaľ čo verejné vysoké školy v ČR požívajú výhody, ktoré im zaručuje ich história, súkromné vysoké školy si renomé iba budujú. Aj napriek plateniu školného, obmedzený výber študijných odborov a stupňov vysokoškolského štúdia majú úspech. Momentálne v Čechách existuje okolo 50 súkromných vysokých škôl. O nimi ponúkanej kvalite štúdia svedčí i skutočnosť, že v spoločnosti nie je na ich absolventa pozerané ako na niekoho, kto si vysokoškolský titul kúpil. Ich úspech však musí byť podporený efektívnou komunikačnou stratégiou, ktorá na ich renomé pracuje všetkými dostupnými prostriedkami. 
610 2 0 |a školy vysoké 
610 2 0 |a školy súkromné 
610 2 0 |a imidž 
610 2 0 |a komunikácia marketingová 
610 2 0 |a Česko 
100 1 |a Kubová, Petra